Top 25 highest-scoring countries in Eurovision - Statistics

General Stats
  • This quiz has been taken 110 times
  • The average score is 21 of 28
Answer Stats
Year Placing Score Answer % Correct
2012 1st place 372 points Sweden
98%
2015 1st place 365 points Sweden
98%
2009 1st place 387 points Norway
96%
2006 1st place 292 points Finland
94%
2014 1st place 290 points Austria
93%
2008 1st place 272 points Russia
91%
2007 1st place 268 points Serbia
91%
2004 1st place 280 points Ukraine
91%
2013 1st place 281 points Denmark
90%
2010 1st place 246 points Germany
87%
2015 2nd place 303 points Russia
85%
2011 1st place 221 points Azerbaijan
79%
2005 1st place 230 points Greece
79%
2012 2nd place 259 points Russia
73%
2015 3rd place 292 points Italy
72%
1994 1st place 226 points Ireland
70%
1997 1st place 227 points United Kingdom
68%
2014 2nd place 238 points The Netherlands
65%
2009 2nd place 218 points Iceland
63%
2007 2nd place 235 points Ukraine
61%
2008 2nd place 230 points Ukraine
61%
2004 2nd place 263 points Serbia and Montenegro
58%
2013 2nd place 234 points Azerbaijan
54%
2006 2nd place 248 points Russia
54%
2014 3rd place 218 points Sweden
54%
2015 4th place 217 points Belgium
51%
2008 3rd place 218 points Greece
51%
2004 3rd place 252 points Greece
47%
No matching quizzes found
Score Distribution
Percent of People with Each Score
Percentile by Number Answered
Your Score History
You have not taken this quiz